Harvest (Record no. 82281)
[ view plain ]
| 000 -LEADER | |
|---|---|
| fixed length control field | 00261nam a2200109Ia 4500 |
| 008 - FIXED-LENGTH DATA ELEMENTS--GENERAL INFORMATION | |
| fixed length control field | 221102s9999 xx 000 0 und d |
| 041 ## - LANGUAGE CODE | |
| Language code of text/sound track or separate title | eng |
| 082 ## - DEWEY DECIMAL CLASSIFICATION NUMBER | |
| Item number | Pad |
| 100 ## - MAIN ENTRY--PERSONAL NAME | |
| Personal name | Padmanabhan Manjula |
| 9 (RLIN) | 95145 |
| 245 ## - TITLE STATEMENT | |
| Title | Harvest |
| 260 ## - PUBLICATION, DISTRIBUTION, ETC. (IMPRINT) | |
| Name of publisher, distributor, etc. | Hhachette india |
| Date of publication, distribution, etc. | 1905-07-09 |
| Withdrawn status | Lost status | Damaged status | Not for loan | Collection code | Home library | Current library | Date acquired | Total Checkouts | Full call number | Barcode | Date last seen | Date last checked out | Bill Date | Koha item type | Original Barcode |
|---|---|---|---|---|---|---|---|---|---|---|---|---|---|---|---|
| BA | College Of Computer Application For Women , Satara | College Of Computer Application For Women , Satara | 17/08/2021 | 1 | PAD | BCAS-B-875 | 31/08/2023 | 22/06/2023 | 04/11/2022 | Books | B00875 |